[Event "Mittelfrank Regionalliga Nord-West 2122"]
[Site "Mittelfranken"]
[Date "2022.05.29"]
[Round "9.4"]
[White "Sendner, Markus"]
[Black "Fischer, Oliver"]
[Result "1-0"]
[WhiteElo "1866"]
[BlackElo "2007"]
[PlyCount "83"]
[EventDate "2021.10.24"]
[EventType "team-tourn"]
[EventRounds "9"]
[EventCountry "GER"]
[SourceTitle "EXT 2024"]
[Source "ChessBase"]
[SourceDate "2023.10.10"]
[SourceVersion "1"]
[SourceVersionDate "2023.10.10"]
[SourceQuality "1"]
[WhiteTeam "Kitzingen"]
[BlackTeam "Hof PTSV"]
[WhiteTeamCountry "GER"]
[BlackTeamCountry "GER"]

1. Nf3 f5 2. d4 Nf6 3. c4 g6 4. g3 Bg7 5. Bg2 0-0 6. Nc3 d6 7. 0-0 c6 8. Qc2 Na6 9. Re1 Qc7 10. e4 fxe4 11. Nxe4 Bf5 12. Nh4 Bxe4 13. Bxe4 Nxe4 14. Qxe4 e5 15. dxe5 dxe5 16. Be3 Rad8 17. Rad1 b6 18. Nf3 Nb8 19. c5 Nd7 20. Kg2 Nxc5 21. Bxc5 Rxd1 22. Rxd1 bxc5 23. Rc1 Rb8 24. Rxc5 Rxb2 25. Rxc6 Qf7 26. a4 Qa2 27. Rc8+ Bf8 28. Qe3 Re2 29. Qc5 Qf7 30. Ng5 Qf5 31. Rxf8+ Qxf8 32. Qc4+ Kh8 33. Qxe2 Qc5 34. Qf3 Qe7 35. h4 h6 36. Ne4 Kg7 37. h5 gxh5 38. Qxh5 Qe6 39. Qf3 Qc6 40. Nc3 e4 41. Qe3 a5 42. Qd4+ 1-0

[Event "Mittelfrank Regionalliga Nord-West 2122"]
[Site "Mittelfranken"]
[Date "2022.03.13"]
[Round "6.6"]
[White "Reissner, Andreas"]
[Black "Sendner, Markus"]
[Result "1-0"]
[WhiteElo "1985"]
[BlackElo "1866"]
[PlyCount "79"]
[EventDate "2021.10.24"]
[EventType "team-tourn"]
[EventRounds "9"]
[EventCountry "GER"]
[SourceTitle "EXT 2024"]
[Source "ChessBase"]
[SourceDate "2023.10.10"]
[SourceVersion "1"]
[SourceVersionDate "2023.10.10"]
[SourceQuality "1"]
[WhiteTeam "Marktleuthen"]
[BlackTeam "Kitzingen"]
[WhiteTeamCountry "GER"]
[BlackTeamCountry "GER"]

1. e4 c6 2. d4 d5 3. Bd3 dxe4 4. Bxe4 Nf6 5. Bf3 Bf5 6. Ne2 e6 7. c4 Bb4+ 8. Nbc3 Be4 9. Bxe4 Nxe4 10. 0-0 Nxc3 11. bxc3 Be7 12. Rb1 b6 13. Qa4 0-0 14. Bf4 Qc8 15. Rxb6 axb6 16. Qxa8 Nd7 17. Qa7 c5 18. d5 e5 19. Bg3 Bd6 20. Rb1 f5 21. f4 e4 22. Bf2 Qc7 23. Qa4 Rd8 24. Be3 Rb8 25. Qb5 Ra8 26. a4 Kf7 27. g4 fxg4 28. Ng3 Re8 29. Qc6 g6 30. a5 Rc8 31. axb6 Qxc6 32. dxc6 Rxc6 33. Nxe4 Bb8 34. b7 Ke7 35. Rb5 Re6 36. Bxc5+ Kd8 37. Ng5 Rc6 38. Kg2 Rxc5 39. Ne6+ Ke7 40. Nxc5 1-0

[Event "Landesliga Nord 1819"]
[Site "Bayern"]
[Date "2019.03.24"]
[Round "8.6"]
[White "Sendner, Markus"]
[Black "Burggraf, Michael"]
[Result "1-0"]
[WhiteElo "1841"]
[BlackElo "2030"]
[PlyCount "61"]
[EventDate "2018.10.21"]
[EventType "team-tourn"]
[EventRounds "9"]
[EventCountry "GER"]
[SourceTitle "EXT 2022"]
[Source "ChessBase"]
[SourceDate "2021.10.06"]
[SourceVersion "1"]
[SourceVersionDate "2021.10.06"]
[SourceQuality "1"]
[WhiteTeam "Kitzingen SC"]
[BlackTeam "Forchheim SC"]
[WhiteTeamCountry "GER"]
[BlackTeamCountry "GER"]

1. Nf3 d5 2. d4 Nf6 3. c4 c6 4. e3 g6 5. Nc3 Bg7 6. Be2 0-0 7. 0-0 dxc4 8. Bxc4 b5 9. Be2 a6 10. Qc2 Bb7 11. Rd1 Nbd7 12. e4 e6 13. e5 Nd5 14. Bg5 f6 15. Bh4 Nxc3 16. Qxc3 g5 17. exf6 Bxf6 18. Bg3 c5 19. Qe3 Re8 20. dxc5 Bxb2 21. Rab1 Bf6 22. a4 b4 23. Rxb4 Bc6 24. Nd4 Bxd4 25. Rbxd4 Ra7 26. Bh5 h6 27. h4 Qe7 28. Bd6 Qg7 29. Bxe8 gxh4 30. Qxe6+ Kh8 31. Rg4 1-0

[Event "Landesliga Nord 1819"]
[Site "Bayern"]
[Date "2018.10.21"]
[Round "1.7"]
[White "Sendner, Markus"]
[Black "Herrmann, Jens"]
[Result "1/2-1/2"]
[WhiteElo "1841"]
[BlackElo "2064"]
[PlyCount "114"]
[EventDate "2018.10.21"]
[EventType "team-tourn"]
[EventRounds "9"]
[EventCountry "GER"]
[SourceTitle "EXT 2022"]
[Source "ChessBase"]
[SourceDate "2021.10.06"]
[SourceVersion "1"]
[SourceVersionDate "2021.10.06"]
[SourceQuality "1"]
[WhiteTeam "Kitzingen SC"]
[BlackTeam "Bamberg SC"]
[WhiteTeamCountry "GER"]
[BlackTeamCountry "GER"]

1. Nf3 d5 2. g3 Nc6 3. d4 Bg4 4. Bg2 Bxf3 5. exf3 e6 6. 0-0 g6 7. Re1 Bg7 8. c3 Nge7 9. Bg5 h6 10. Bxe7 Nxe7 11. f4 0-0 12. Nd2 Qd6 13. Nf3 b6 14. Qd2 c5 15. Ne5 Rac8 16. Bh3 Rc7 17. Rad1 b5 18. dxc5 Qxc5 19. Nd3 Qd6 20. Bf1 a5 21. a4 bxa4 22. Ra1 Nc6 23. Rxa4 Kh7 24. Rd1 Rb8 25. h4 h5 26. Bg2 Rcb7 27. f5 exf5 28. Nf4 Rxb2 29. Qxd5 Qxd5 30. Bxd5 Rb1 31. Rxb1 Rxb1+ 32. Kg2 Ne5 33. Rxa5 Rc1 34. Ra7 Kg8 35. Ra6 Rxc3 36. Nxg6 Ng4 37. Nf4 Rc2 38. Ra2 Bb2 39. Nd3 Ne3+ 40. Kf3 Nxd5 41. Rxb2 Rc3 42. Ke2 Rc4 43. Kf3 Rc3 44. Rd2 Kg7 45. Kg2 f4 46. Nxf4 Nxf4+ 47. gxf4 Kg6 48. Rd5 f6 49. f5+ Kg7 50. f3 Rc4 51. Kg3 Ra4 52. Rd7+ Kg8 53. Re7 Ra5 54. Kf4 Ra4+ 55. Re4 Ra5 56. Rd4 Re5 57. Re4 Ra5 1/2-1/2

[Event "Landesliga Nord 1617"]
[Site "Bayern"]
[Date "2017.04.02"]
[Round "8.8"]
[White "Gerl, Hans Peter"]
[Black "Sendner, Markus"]
[Result "0-1"]
[WhiteElo "1964"]
[BlackElo "1827"]
[PlyCount "206"]
[EventDate "2016.10.16"]
[EventType "team-tourn"]
[EventRounds "9"]
[EventCountry "GER"]
[SourceTitle "EXT 2019"]
[Source "ChessBase"]
[SourceDate "2018.10.10"]
[SourceVersion "1"]
[SourceVersionDate "2018.10.10"]
[SourceQuality "1"]
[WhiteTeam "Zirndorf"]
[BlackTeam "Kitzingen"]
[WhiteTeamCountry "GER"]
[BlackTeamCountry "GER"]

1. d4 Nf6 2. c4 e6 3. Nf3 d5 4. Nc3 Nbd7 5. e3 Be7 6. Bd3 dxc4 7. Bxc4 c5 8. 0-0 0-0 9. dxc5 Nxc5 10. Qe2 a6 11. a4 b6 12. e4 Bb7 13. e5 Nd5 14. Nxd5 Bxd5 15. Be3 Bxc4 16. Qxc4 Qd3 17. Qg4 b5 18. axb5 axb5 19. Rac1 Rfc8 20. h4 Qe4 21. Qg3 Qg6 22. Qh3 Nd3 23. h5 Qe4 24. Rxc8+ Rxc8 25. Qg3 Bc5 26. Bh6 Bf8 27. Bxg7 Bxg7 28. h6 Qg6 29. Qxg6 hxg6 30. hxg7 Rc5 31. Ra1 Nxe5 32. Nd4 Rd5 33. Nb3 Nc4 34. Ra2 Rd3 35. Nc5 Rd2 36. Ra8+ Kxg7 37. Ra7 Rd1+ 38. Kh2 Re1 39. b3 Nd6 40. Rd7 Re5 41. Nd3 Rh5+ 42. Kg1 Ne4 43. Nf4 Re5 44. Rb7 g5 45. Nd3 Rd5 46. Nb4 Rf5 47. Nd3 Nd2 48. g4 Rd5 49. Nb4 Rd4 50. Rxb5 Rxg4+ 51. Kh2 Nxb3 52. f3 Rh4+ 53. Kg3 Kf6 54. Nd3 Nd4 55. Ra5 Nf5+ 56. Kg2 Rd4 57. Nf2 Rd2 58. Kg1 Rd5 59. Ne4+ Kg6 60. Ra8 Nh4 61. Kf2 Rf5 62. Rg8+ Kh6 63. Nxg5 Ng6 64. Ne4 Ne5 65. Rg3 Ng6 66. Ke3 Re5 67. f4 Ra5 68. Rh3+ Kg7 69. Ng5 Rf5 70. Rf3 e5 71. Nh3 exf4+ 72. Ke4 Ra5 73. Kd4 Ra4+ 74. Kd5 Kf6 75. Kc6 Kf5 76. Rb3 Re4 77. Rb5+ Ne5+ 78. Kd6 Rd4+ 79. Ke7 f6 80. Rb6 Rd7+ 81. Ke8 Rd4 82. Ke7 Ng6+ 83. Kf7 Rd7+ 84. Ke8 Re7+ 85. Kd8 Re5 86. Nf2 Re6 87. Rb5+ Ne5 88. Rb3 f3 89. Kc7 Kf4 90. Rb4+ Ke3 91. Nd1+ Ke2 92. Nc3+ Kf1 93. Ne4 Nd3 94. Rb1+ Kg2 95. Nd2 Re2 96. Nf1 Re1 97. Rxe1 Nxe1 98. Nd2 f5 99. Kd6 Nd3 100. Kd5 f2 101. Kd4 Nb4 102. Ke5 Nc6+ 103. Kd5 f1Q 0-1

[Event "Schweinfurt op 24th"]
[Site "Schweinfurt"]
[Date "2014.06.19"]
[Round "1"]
[White "Lukas, Norbert"]
[Black "Sendner, Markus"]
[Result "1-0"]
[WhiteElo "2061"]
[BlackElo "1582"]
[PlyCount "87"]
[EventDate "2014.06.19"]
[EventType "swiss"]
[EventRounds "7"]
[EventCountry "GER"]
[SourceTitle "CBM 161 Extra"]
[Source "ChessBase"]
[SourceDate "2014.08.29"]
[SourceVersion "1"]
[SourceVersionDate "2014.08.29"]
[SourceQuality "1"]

1. e4 c5 2. Nf3 d6 3. d4 cxd4 4. Nxd4 Nf6 5. Nc3 g6 6. Bd3 Bg7 7. 0-0 Nc6 8. Nde2 0-0 9. Kh1 d5 10. exd5 Nxd5 11. Nxd5 Qxd5 12. Nc3 Qa5 13. Bd2 a6 14. f4 e6 15. a3 Qc7 16. Qe1 b5 17. Rf3 Nd4 18. Rg3 e5 19. Qf2 Nf5 20. Rh3 Qa7 21. Be3 Nxe3 22. Rxe3 exf4 23. Qxf4 Qb8 24. Qb4 Be5 25. Nd5 Qd6 26. Qe4 Bb7 27. Qxe5 Qxd5 28. Qxd5 Bxd5 29. Rae1 Be6 30. Kg1 Kg7 31. Kf2 Rac8 32. c3 Rc5 33. Re5 Rfc8 34. R1e3 Rxe5 35. Rxe5 Kf6 36. Re3 Rc5 37. Be4 Bd5 38. b4 Bxe4 39. bxc5 Bc6 40. Rd3 Ke7 41. Rd6 Bb7 42. g3 h5 43. Ke3 Bc8 44. Kd4 1-0